Standard forms of partnering contracts (Record no. 83395)

MARC details
000 -LEADER
fixed length control field 00783cab a22001935a 4500
001 - CONTROL NUMBER
control field L153832
008 - FIXED-LENGTH DATA ELEMENTS--GENERAL INFORMATION
fixed length control field 110912s2011 xxka f 000 0 eng d
035 ## - SYSTEM CONTROL NUMBER
System control number (Sirsi) u153832
041 0# - LANGUAGE CODE
Language code of text/sound track or separate title eng
245 00 - TITLE STATEMENT
Title Standard forms of partnering contracts
Remainder of title the ultimate contractual commitment? Part 6
260 ## - PUBLICATION, DISTRIBUTION, ETC.
Date of publication, distribution, etc. 2011
490 ## - SERIES STATEMENT
Series statement Civil Engineering Surveyor
Volume/sequential designation September 2011, 45-48(4)
520 ## - SUMMARY, ETC.
Summary, etc. Considers how the forms encourage and incentivise the parties to improve aspects of their performance, together with the management of the supply chain. PPC2000, NEC3, JCT.
590 ## - LOCAL NOTE (RLIN)
Local note KA
651 #4 - SUBJECT ADDED ENTRY--GEOGRAPHIC NAME
Geographic name United Kingdom
Chronological subdivision
690 ## - LOCAL SUBJECT ADDED ENTRY--TOPICAL TERM (OCLC, RLIN)
Topical term or geographic name as entry element BUILT ENVIRONMENT-BUILDING CONTRACT FORMS-STANDARD FORMS OF BUILDING CONTRACT
690 ## - LOCAL SUBJECT ADDED ENTRY--TOPICAL TERM (OCLC, RLIN)
Topical term or geographic name as entry element BUILT ENVIRONMENT-CONSTRUCTION MANAGEMENT
942 ## - ADDED ENTRY ELEMENTS (KOHA)
Suppress in OPAC 0
Holdings
Withdrawn status Lost status Source of classification or shelving scheme Damaged status Not for loan Home library Current library Shelving location Date acquired Total Checkouts Full call number Barcode Date last seen Copy number Price effective from Koha item type
    Dewey Decimal Classification     London London Journal article 12/09/2011   L153832 153832-1001 06/08/2019 1 06/08/2019 Journal article